000
00318nam a2200133Ia 4500
008
230312s9999||||xx |||||||||||||| ||und||
020
_a
978-0470-87641-
082
_a
658.4012
_b
OST-B
100
_a
Osterwalder;Alexander
245
0
_a
Business Model Generation
300
_a
278
650
_a
Management
942
_c
BK
999
_c
14829
_d
14829